| 000 | 01017nam a2200277 a 4500 | ||
|---|---|---|---|
| 001 | 3409403 | ||
| 003 | ARRUPE | ||
| 005 | 20131121173158.0 | ||
| 008 | 891212s1989 ohu b 000 0 eng | ||
| 010 | _a 89215596 | ||
| 020 |
_a0867161086 (pbk.) : _c$6.95 |
||
| 040 |
_aDLC _cDLC |
||
| 050 | 0 | 0 |
_aBV639.W7 _bS96 1989 |
| 082 | 0 | 0 |
_a270/.082 _220 |
| 100 | 1 |
_aSwift, Helen. _93642 |
|
| 245 | 1 | 0 |
_aUnveiling the feminine face of the church : _ban exploration for groups or individuals / _cHelen Cecilia Swift and Margaret N. Telscher. |
| 260 |
_a[Cincinnati, OH] : _bSt. Anthony Messenger Press, _cc1989. |
||
| 300 |
_avii, 133 p. ; _c22 cm. |
||
| 504 | _aIncludes bibliographical references (p. 133). | ||
| 650 | 0 |
_aWomen in Christianity. _93643 |
|
| 650 | 0 |
_aWomen in church work. _93644 |
|
| 700 | 1 |
_aTelscher, Margaret N. _93645 |
|
| 906 |
_a7 _bcbc _corignew _d3 _encip _f19 _gy-gencatlg |
||
| 942 |
_2lcc _cMONOGRAPH |
||
| 999 |
_c118629 _d118629 |
||